Through the lens of gender: Makeover of ‘ Aatmanirbhar Bharat’, labour migration and Covid-19 pandemic (Record no. 519229)

000 -LEADER
fixed length control field 00518nam a22001337a 4500
008 - FIXED-LENGTH DATA ELEMENTS--GENERAL INFORMATION
fixed length control field 220215b ||||| |||| 00| 0 eng d
100 ## - MAIN ENTRY--PERSONAL NAME
Personal name Das, Chhandita and Tripathi, Priyanka
245 ## - TITLE STATEMENT
Title Through the lens of gender: Makeover of ‘ Aatmanirbhar Bharat’, labour migration and Covid-19 pandemic
260 ## - PUBLICATION, DISTRIBUTION, ETC. (IMPRINT)
Place of publication, distribution, etc Indian Journal of Public Administration
300 ## - PHYSICAL DESCRIPTION
Extent 67(3), Sep, 2021: p.484-491
773 ## - HOST ITEM ENTRY
Main entry heading Indian Journal of Public Administration
906 ## - LOCAL DATA ELEMENT F, LDF (RLIN)
Subject DIP COVID-19 (DISEASE) – INDIA
942 ## - ADDED ENTRY ELEMENTS (KOHA)
Item type Articles
Holdings
Withdrawn status Lost status Source of classification or shelving scheme Damaged status Not for loan Permanent location Current location Date acquired Serial Enumeration / chronology Barcode Date last seen Koha item type
          Indian Institute of Public Administration Indian Institute of Public Administration 2022-02-15 67(3), Sep, 2021: p.484-491 AR126261 2022-02-15 Articles

Powered by Koha